[Event "Moscow VAO FM 07"]
[Site "Moscow"]
[Date "2014.07.10"]
[Round "7"]
[White "Fominykh, Maria"]
[Black "Zhumadilov, Tim"]
[Result "1-0"]
[WhiteElo "2296"]
[BlackElo "2194"]
[PlyCount "170"]
[EventDate "2014.07.07"]
[EventType "tourn"]
[EventRounds "9"]
[EventCountry "RUS"]
[EventCategory "1"]
[SourceTitle "EXT 2015"]
[Source "ChessBase"]
[SourceDate "2014.11.20"]
[SourceVersion "1"]
[SourceVersionDate "2014.11.20"]
[SourceQuality "1"]

1. d4 Nf6 2. c4 g6 3. Nc3 Bg7 4. e4 d6 5. Nf3 0-0 6. h3 Nbd7 7. Bg5 e5 8. d5 a5 9. g4 Nc5 10. Nd2 Bd7 11. Be2 Qc8 12. Rg1 h6 13. Be3 Nh7 14. h4 g5 15. h5 a4 16. f3 b6 17. Kf2 Qb7 18. Qc2 Ra7 19. Ndb1 Ra5 20. Na3 Nf6 21. Bd2 Rfa8 22. Rac1 R5a7 23. Nab5 Ra6 24. Kg3 Qc8 25. Be3 Ra5 26. Rb1 R5a6 27. Rgc1 Bf8 28. b4 axb3 29. axb3 Be7 30. b4 Na4 31. Nd1 c5 32. dxc6 Bxc6 33. Qd3 Ne8 34. Bf2 Bf8 35. Ne3 Qd7 36. Nf5 Qe6 37. Bd1 Bb7 38. Bb3 Qf6 39. Qd2 Bc6 40. Rc2 d5 41. exd5 Bd7 42. Ra2 Bxf5 43. gxf5 Qxf5 44. Bc2 Qf4+ 45. Qxf4 exf4+ 46. Kg2 Nc5 47. Rxa6 Nxa6 48. Ra1 Bxb4 49. Bxb6 Nac7 50. Rxa8 Nxa8 51. Bd4 Nac7 52. Nc3 Na6 53. Na4 Kf8 54. c5 Ke7 55. Bd3 Nac7 56. d6+ Nxd6 57. cxd6+ Bxd6 58. Bg7 Ne6 59. Bxh6 f6 60. Nc3 Nd4 61. Bg7 Kf7 62. h6 Be5 63. Bc4+ Kg6 64. Nd5 Nc6 65. Bd3+ f5 66. Bxe5 Nxe5 67. Ne7+ Kxh6 68. Bxf5 Kh5 69. Nd5 Kh6 70. Nf6 Nc4 71. Kf2 Kg7 72. Ng4 Kf7 73. Ke2 Nd6 74. Bd3 Ke6 75. Kd2 Kd5 76. Kc3 Ne8 77. Be4+ Kc5 78. Kd3 Kd6 79. Bg6 Nc7 80. Bf7 Ke7 81. Bc4 Ne8 82. Kd4 Nd6 83. Bd3 Ke6 84. Nf2 Ke7 85. Ke5 Nf7+ 1-0